Vista normal
Vista MARC
Entrada Topical Term
Número de registros utilizados en: 1
001 - CONTROL NUMBER
- control field: 11332
003 - CONTROL NUMBER IDENTIFIER
- control field: OSt
005 - DATE AND TIME OF LATEST TRANSACTION
- control field: 20201007180713.0
008 - FIXED-LENGTH DATA ELEMENTS
- fixed length control field: 201007|| aca||aabn | a|a d
040 ## - CATALOGING SOURCE
- Original cataloging agency: OSt
- Transcribing agency: OSt
150 ## - HEADING--TOPICAL TERM
- Topical term or geographic name entry element: Normas técnicas
670 ## - SOURCE DATA FOUND
- Source citation: Work cat.: (OSt)6189: Colombia. Ministerio de industria y turismo 11330, Compendio de acreditación y certificación/, 1997.